Statistics for Countries With Longest Named Capitals.

Click here to take the quiz!

General Stats

  • This quiz has been taken 111 times
  • The average score is 10 of 20

Answer Stats

#CountryCapital% Correct
23Sri LankaSri Jayawardenapura Kotte
83%
11ArgentinaBuenos Aires
70%
17BruneiBandar Seri Begawan
70%
11MongoliaUlaanbaatar
66%
12MadagascarAntananarivo
65%
13GuatemalaGuatemala City
60%
11Papua New GuineaPort Moresby
57%
11MalaysiaKuala Lumpur
52%
12HaitiPort-au-Prince
51%
14AndorraAndorra La Vella
50%
11Trinidad and TobagoPort of Spain
47%
11Burkina FasoOuagadougou
46%
12Dominican RepublicSanto Domingo
46%
11Vatican CityVatican City
45%
11Republic of the CongoBrazzaville
44%
11HondurasTegucigalpa
43%
12Ivory CoastYamoussoukro
38%
11El SalvadorSan Salvador
30%
12GrenadaSaint George's
24%
11KiribatiSouth Tarawa
24%

Score Distribution

Percentile by Number Answered

Percent of People with Each Score

Your Score History

You have not taken this quiz